• 首页
  • 本馆介绍
  • 公告通知
  • 最新文献
  • 馆藏检索
  • 电子资源
  • 读者导购
  • 参考咨询
  • 我的图书馆
  • 登录
  • 详细信息显示
  • 放入我的书架
  • 预约/预借图书
  • 作者相关作品
  • 分类相关作品
  • 丛书相关作品
  • 出版社相关作品

书目信息

  • 表格格式
  • 工作单格式
  • 卡片格式
题名:
生活用水和工业废水处理理论和技术研究
    
 
作者: 刘杰 , 刘广奇 , 付靖超 著
分册:  
出版信息: 北京   北京工业大学出版社  2021.5
页数: 160页
开本: 26cm
丛书名:
单 册:
中图分类: TU991 , X703
科图分类:
主题词: 生活用水--水处理--研究 , 工业废水处理--研究
电子资源:
ISBN: 978-7-5639-6580-9
000 01125nam0 2200277 45
001 012001002278
005 20140913160041.0
010    @a978-7-5639-6580-9@dCNY56.00
100    @a20191228d2018 em y0chiy50 ea
101 0  @achi
102    @aCN@b110000
105    @ay z 000yy
106    @ar
200 1  @a生活用水和工业废水处理理论和技术研究@Asheng huo yong shui he gong ye fei shui chu li li lun he ji shu yan jiu@b专著@f刘杰,刘广奇,付靖超著
210    @a北京@c北京工业大学出版社@d2021.5
215    @a160页@d26cm
330    @a本书针对不同类别水处理的具体情况进行了阐述。首先,对饮用水处理理论与技术进行了详细的介绍;其次,从资源开发角度,分析了气田水处理的相关理论与技术;最后,针对工业废水的处理理论与技术,分别从钢铁工业水处理、印染水处理以及煤化工水处理三个部分进行了论述。
606 0  @a生活用水@x水处理@x研究
606 0  @a工业废水处理@x研究
690    @aTU991@v5
690    @aX703@v5
701  0 @a刘杰@Aliu jie@c(环境科学)@4著
701  0 @a刘广奇@Aliu guang qi@c(环境科学)@4著
701  0 @a付靖超@Afu jing chao@c(环境科学)@4著
801  0 @aCN@bBJSDL@c20211011
905    @b1339111-4@dTU991@e2014@f4
    
    生活用水和工业废水处理理论和技术研究/刘杰,刘广奇,付靖超著.-北京:北京工业大学出版社,2021.5
    160页;26cm
    
    
    ISBN 978-7-5639-6580-9:CNY56.00
    本书针对不同类别水处理的具体情况进行了阐述。首先,对饮用水处理理论与技术进行了详细的介绍;其次,从资源开发角度,分析了气田水处理的相关理论与技术;最后,针对工业废水的处理理论与技术,分别从钢铁工业水处理、印染水处理以及煤化工水处理三个部分进行了论述。
●
相关链接 在E读中查询图书 在五车中查询图书 在当当中查询图书 在豆瓣中查询图书


正题名:生活用水和工业废水处理理论和技术研究     索取号:TU991/2014         预约/预借

序号 登录号 条形码 馆藏地/架位号 状态 备注
1 1339111   213391113   第二样本阅览室/ [索取号:TU991/2014] 在馆    
2 1339112   213391122   第三借阅区/ [索取号:TU991/2014] 在馆    
3 1339113   213391131   第三借阅区/ [索取号:TU991/2014] 在馆    
4 1339114   213391140   第三借阅区/ [索取号:TU991/2014] 在馆    
唐山师范学院图书馆 欢迎您!
大连网信软件有限公司© 版权所有